000 00818na a2200265 4500
001 20446
003 MIRAKIL
005 20181213154822.0
008 170120b tu 000 0
020 _a9756770465
040 _aMilas
_btur
_cTR-AnCHP
041 _atur
082 _a956.102
_bB36ö 1999
090 _a956.102 B36ö 1999
100 _aBerberoğlu, Enis
245 _aÖbür Türkler
_bbüyük oyun'un milliyetçi süvarileri
_cEnis Berberoğlu
246 _aBüyük oyun'un milliyetçi süvarileri
260 _aİstanbul
_bDoğan Kitap
_c1999
300 _a180 s.
_c23 sm.
650 _aBirinci Dünya Savaşı
_xTürkler
650 _aTarih
_xTürkler
_zOrta Asya
651 _aTürkiye
_xTarih
_yBirinci Dünya Savaşı
740 _aBüyük oyun'un milliyetçi süvarileri
942 _2dcc
_cBKS
999 _c1409
_d1409